000 01405nab a22002417a 4500
999 _c5309
_d5309
003 OSt
005 20250217213516.0
008 190603e xxum|||| |||| 00| 0 spa d
040 _cPJ-TDF
100 _96361
_aPasquale, María Florencia
245 1 0 _aPrescripción adquisitiva y barrios populares :
_baproximación a procesos colectivos /
_cMaría Florencia Pasquale.
260 _cCiudad Autónoma de Buenos Aires :
_aThomson Reuters La Ley,
_b2023.
300 _ap. 261-272
500 _aCita: TR LALEY AR/DOC/1483/2023.
505 _aSumario: I. La ley nacional 27.453. Caracteres del régimen legal en materia de regularización dominial.— II. Procesos colectivos. Terminología y surgimiento.— III. La causa que justifica la acción colectiva en un supuesto de su usucapión de barrios populares.— IV. Conclusión.— V. Bibliografía complementaria.— VI. Jurisprudencia.
505 _aFallo Comentado: CNCiv., sala M ~ 15/05/2023 ~ L., N. L. S. c. Max Point SA y otros s/ daños y perjuicios.
505 _t¿Te interesa el texto completo? Solicitalo al correo: koha@justierradelfuego.gov.ar
650 0 _96327
_aDERECHO DE PROPIEDAD
650 0 _92324
_aPRESCRIPCIÓN ADQUISITIVA
650 0 _92289
_aPOSESIÓN
773 0 _02713
_93170
_dCiudad Autónoma de Buenos Aires : Thomson Reuters La Ley, 2015-
_tRevista Código Civil y Comercial. Nº 5 - Octubre 2023
942 _2udc
_cANA